[Event "London Classic Superrapid"]
[Site "London ENG"]
[Date "2015.12.12"]
[Round "2.14"]
[White "Ghasi, Ameet K"]
[Black "Hill, Alistair"]
[Result "1-0"]
[WhiteTitle "IM"]
[WhiteElo "2469"]
[BlackElo "2157"]
[WhiteFideId "409200"]
[BlackFideId "432407"]
[EventDate "2015.12.12"]

1. Nf3 c5 2. g3 Nc6 3. Bg2 g6 4. O-O Bg7 5. d3 e6 6. e4 Nge7 7. c3 O-O 8. h4 d5
9. Qe2 e5 10. exd5 Nxd5 11. h5 gxh5 12. Nbd2 Bg4 13. Qe4 Nf6 14. Qc4 b6 15. Re1
Qd6 16. Qa4 Bd7 17. Qc2 Bf5 18. Ne4 Nxe4 19. dxe4 Bg4 20. Nh4 Ne7 21. Be3 Rad8
22. Nf5 Qf6 23. Nxg7 Kxg7 24. f3 Be6 25. f4 Bg4 26. Qf2 Ng6 27. f5 Ne7 28. Bf3
Kh8 29. Bxg4 hxg4 30. Qe2 Rg8 31. Rad1 Nc6 32. Rxd8 Nxd8 33. Rd1 Qc6 34. Rd5 f6
35. c4 Nf7 36. Qd3 Qc8 37. Qd1 Rd8 38. Qxg4 Rxd5 39. cxd5 Qg8 40. Qh4 Qg7 41.
Kf2 Nd6 42. Kf3 Kg8 43. Bh6 Qh8 44. Qh5 Nf7 45. Qg4+ Ng5+ 46. Bxg5 fxg5 47.
Qxg5+ Kf7 48. Qh6 Qg7 49. Qe6+ Kf8 50. d6 h5 51. f6 1-0

[Event "London Classic Superrapid"]
[Site "London ENG"]
[Date "2015.12.12"]
[Round "2.15"]
[White "Spearman, David"]
[Black "Grigoriants, Sergey"]
[Result "0-1"]
[BlackTitle "GM"]
[WhiteElo "2033"]
[BlackElo "2603"]
[WhiteFideId "408034"]
[BlackFideId "4130804"]
[EventDate "2015.12.12"]

1. d4 Nf6 2. c3 g6 3. Bg5 Bg7 4. Nd2 d5 5. e3 O-O 6. Bd3 c5 7. f4 Qb6 8. Rb1 Nc6
9. Ngf3 Ng4 10. Qe2 f6 11. Bh4 e5 12. fxe5 fxe5 13. dxe5 c4 14. Nxc4 dxc4 15.
Bxc4+ Kh8 16. Bf2 Nxf2 17. Kxf2 Nxe5 18. h3 Bf5 19. Rbe1 Be4 20. b3 Nxf3 21.
gxf3 Rxf3+ 22. Qxf3 Bxf3 23. Kxf3 Bxc3 24. Rd1 Re8 25. Rd3 Bd2 26. e4 Qf6+ 27.
Ke2 Rxe4+ 28. Kxd2 Qb2+ 29. Kd1 Qe2+ 30. Kc1 Rxc4+ 31. bxc4 Qxd3 0-1

[Event "London Classic Superrapid"]
[Site "London ENG"]
[Date "2015.12.12"]
[Round "2.17"]
[White "Foo, Zhi Rong Benjamin"]
[Black "Jumabayev, Rinat"]
[Result "0-1"]
[BlackTitle "GM"]
[WhiteElo "2183"]
[BlackElo "2599"]
[WhiteFideId "5801664"]
[BlackFideId "13702661"]
[EventDate "2015.12.12"]

1. e4 c5 2. Nf3 e6 3. d4 cxd4 4. Nxd4 Nc6 5. c4 Nf6 6. Nc3 Bb4 7. Nxc6 dxc6 8.
Qxd8+ Kxd8 9. f3 e5 10. Bd2 Bc5 11. O-O-O Kc7 12. Na4 Bd4 13. Bc3 Bxc3 14. Nxc3
Be6 15. Be2 Rad8 16. Rd2 g5 17. Rhd1 Rxd2 18. Kxd2 h5 19. Ke3 h4 20. Kf2 a6 21.
c5 Nd7 22. b4 a5 23. a3 Ra8 24. Rc1 axb4 25. axb4 Ra3 26. Ke1 Rb3 27. b5 Nxc5
28. Nd5+ Kd6 29. bxc6 bxc6 30. Nf6 Nd7 31. Ne8+ Ke7 32. Ng7 Rb6 33. g3 Nf6 34.
Nxe6 Kxe6 35. Kf2 hxg3+ 36. hxg3 g4 37. Bc4+ Ke7 38. Ke3 gxf3 39. Kxf3 Rb4 40.
Rc2 Ra4 41. Rc3 Ra5 42. Bd3 Kd6 43. Bc4 Rc5 44. Rd3+ Ke7 45. Bb3 Rc1 46. g4 Rf1+
47. Kg2 Rf4 48. Rc3 Rxg4+ 49. Kh3 Rxe4 50. Bc2 Re2 51. Rxc6 Nd5 52. Bf5 Kf8 53.
Kg3 Ne7 54. Bg4 Re3+ 55. Kf2 Re4 56. Bf3 Rf4 57. Rd6 e4 58. Rd8+ Kg7 59. Ke3
Rxf3+ 60. Kxe4 Rf6 61. Rd7 Ng6 62. Rd1 Rf4+ 63. Ke3 Ra4 64. Rf1 Ra3+ 65. Ke4
Ra4+ 66. Ke3 Ne5 67. Rf5 f6 68. Rf1 Kf7 69. Rb1 Ke6 70. Rf1 Ng4+ 71. Kd3 Ra3+
72. Ke4 Ra4+ 73. Kd3 f5 74. Re1+ Kf6 75. Rb1 Re4 76. Rf1 Ne5+ 77. Kd2 f4 78. Ra1
Kf5 79. Ra8 Nf3+ 80. Kd3 Re3+ 81. Kc4 Ne5+ 82. Kd4 Rd3+ 83. Kc5 f3 84. Kb4 Ke4
85. Rf8 Rd7 86. Rh8 f2 87. Rh1 Ke3 88. Rh3+ Nf3 89. Rh1 Ng1 90. Rh8 f1=Q 91.
Re8+ Kd3 0-1

[Event "London Classic Superrapid"]
[Site "London ENG"]
[Date "2015.12.12"]
[Round "2.18"]
[White "Bok, Benjamin"]
[Black "Orgler, Philipp"]
[Result "1-0"]
[WhiteTitle "GM"]
[WhiteElo "2591"]
[BlackElo "2132"]
[WhiteFideId "1017063"]
[BlackFideId "1604236"]
[EventDate "2015.12.12"]

1. e4 e6 2. d4 d5 3. Nd2 Nc6 4. Ngf3 Nf6 5. e5 Nd7 6. Nb3 f6 7. Bb5 fxe5 8. dxe5
Nb6 9. O-O Bd7 10. Bd3 Nb4 11. Ng5 Nxd3 12. Qxd3 g6 13. Nxh7 Rxh7 14. Qxg6+ Rf7
15. Bg5 Be7 16. f4 Nc4 17. Rae1 Bxg5 18. fxg5 Qe7 19. Rf6 Qf8 20. Nd4 Ke7 21.
Rxe6+ Bxe6 22. Qxe6+ Kd8 23. Qxd5+ Kc8 24. Qxc4 Qe7 25. g6 Rg7 26. Nf5 1-0

[Event "London Classic Superrapid"]
[Site "London ENG"]
[Date "2015.12.12"]
[Round "2.20"]
[White "Bhatia, Kanwal K"]
[Black "Williams, Simon K"]
[Result "0-1"]
[WhiteTitle "WFM"]
[BlackTitle "GM"]
[WhiteElo "2072"]
[BlackElo "2439"]
[WhiteFideId "407496"]
[BlackFideId "404454"]
[EventDate "2015.12.12"]

1. e4 c5 2. c3 e6 3. d4 d5 4. exd5 exd5 5. Be3 c4 6. b3 cxb3 7. axb3 Nf6 8. h3
Bd6 9. Bd3 O-O 10. Qf3 Ne4 11. Ne2 f5 12. c4 f4 13. Bd2 Nc6 14. cxd5 Ng5 15. Qh5
Nb4 16. Bxb4 Bxb4+ 17. Kf1 g6 18. Bxg6 hxg6 19. Qxg6+ Kh8 20. Qh6+ Nh7 21. Nxf4
Bf5 22. Na3 Rf6 23. Qh4 Bxa3 24. Rxa3 Qd6 25. b4 Qxb4 26. Re3 Raf8 27. Kg1 Qd6
28. Nh5 Rh6 29. Re5 Qg6 30. g4 Ng5 31. Qg3 Be4 32. Nf4 Qb6 33. Rxe4 Qb1+ 34. Kh2
Qxe4 35. Ne6 Rxf2+ 0-1

[Event "London Classic Superrapid"]
[Site "London ENG"]
[Date "2015.12.12"]
[Round "3.1"]
[White "Sadler, Matthew D"]
[Black "Summerscale, Aaron P"]
[Result "0-1"]
[WhiteTitle "GM"]
[BlackTitle "GM"]
[WhiteElo "2659"]
[BlackElo "2418"]
[WhiteFideId "400173"]
[BlackFideId "400980"]
[EventDate "2015.12.12"]

1. Nf3 d5 2. c4 d4 3. g3 c5 4. Bg2 Nc6 5. O-O e5 6. d3 Nf6 7. e3 Be7 8. exd4
exd4 9. Bg5 O-O 10. a3 Bg4 11. Nbd2 Qd7 12. Re1 Rfe8 13. Qb3 Rac8 14. Qb5 b6 15.
b4 cxb4 16. Bxf6 gxf6 17. h3 Be6 18. Qh5 bxa3 19. Nh4 Ne5 20. f4 Ng6 21. f5 Nxh4
22. fxe6 fxe6 23. Qxh4 e5 24. Bd5+ Kh8 25. Ne4 Rf8 26. Qh5 b5 27. Nd2 b4 28. Re4
Rc7 29. Rf1 a5 30. Rxe5 Qd6 31. Be4 Bd8 32. Re8 Qxg3+ 33. Kh1 Qg8 34. Rxf8 Qxf8
35. Nb3 Qf7 36. Qxa5 Qd7 37. Qh5 a2 38. Bxh7 Qxh7 39. Qe8+ Qg8 40. Qh5+ Rh7 41.
Qf3 Qe6 42. Kg2 Rg7+ 43. Kf2 Bc7 44. Nxd4 Bb6 45. c5 Qe5 0-1

[Event "London Classic Superrapid"]
[Site "London ENG"]
[Date "2015.12.12"]
[Round "3.2"]
[White "Kilpatrick, Callum"]
[Black "Howell, David W L"]
[Result "0-1"]
[WhiteTitle "FM"]
[BlackTitle "GM"]
[WhiteElo "2352"]
[BlackElo "2693"]
[WhiteFideId "414425"]
[BlackFideId "410608"]
[EventDate "2015.12.12"]

1. e4 e5 2. Nf3 Nc6 3. Bb5 Nge7 4. O-O Ng6 5. d4 exd4 6. Nxd4 Bc5 7. Nb3 Bb6 8.
Nc3 a6 9. Bxc6 bxc6 10. Na4 Ba7 11. c4 O-O 12. c5 d5 13. exd5 cxd5 14. Qd4 Re8
15. Nc3 c6 16. Be3 Bb8 17. Rad1 Ra7 18. Qa4 Bd7 19. Rfe1 a5 20. Nxd5 cxd5 21. c6
Re4 22. Qb5 Bxh2+ 23. Kxh2 Qc7+ 24. Kg1 Bxc6 25. Qc5 Ra6 26. Rxd5 Nf4 27. Rg5
Ne6 28. Qf5 Nxg5 29. Qxg5 h6 30. Qf5 Ra8 31. Rc1 Qd7 32. Qh5 Rg4 33. g3 Rg6 34.
Nd4 Bb7 35. Nf5 Re8 36. Nh4 Rc6 37. Rd1 Rd6 38. Rxd6 Qxd6 39. Nf5 Qd5 40. Kf1
Re5 41. g4 Qd1# 0-1

[Event "London Classic Superrapid"]
[Site "London ENG"]
[Date "2015.12.12"]
[Round "3.4"]
[White "Hawkins, Jonathan"]
[Black "Arakhamia-Grant, Ketevan"]
[Result "0-1"]
[WhiteTitle "GM"]
[BlackTitle "GM"]
[WhiteElo "2563"]
[BlackElo "2353"]
[WhiteFideId "412686"]
[BlackFideId "13600168"]
[EventDate "2015.12.12"]

1. d4 Nf6 2. Nc3 d5 3. Bg5 Nbd7 4. Nf3 g6 5. Qd3 Bg7 6. e4 dxe4 7. Nxe4 Nxe4 8.
Qxe4 Nf6 9. Qe3 h6 10. Bxf6 Bxf6 11. Bc4 Qd6 12. O-O-O c6 13. Kb1 b5 14. Bb3 a5
15. Ne5 Be6 16. Rhe1 Bxb3 17. Qxb3 Qd5 18. Ng4 Bg7 19. Qe3 e6 20. f3 h5 21. Ne5
O-O 22. g4 hxg4 23. fxg4 Rad8 24. Rd3 Bxe5 25. dxe5 Qc4 26. h3 Rd5 27. Rc3 Qa4
28. Rxc6 Rfd8 29. Rc1 Rd1 30. Rc5 b4 31. Qh6 Qd7 32. Rxa5 Qc7 33. Ra6 Qxe5 34.
a4 Rxc1+ 35. Qxc1 Qe2 36. Rxe6 Qxe6 37. b3 Qe2 38. Qb2 Rd1+ 39. Ka2 Rd2 0-1

[Event "London Classic Superrapid"]
[Site "London ENG"]
[Date "2015.12.12"]
[Round "3.5"]
[White "Bukojemski, Adam"]
[Black "Melkumyan, Hrant"]
[Result "0-1"]
[BlackTitle "GM"]
[WhiteElo "2243"]
[BlackElo "2632"]
[WhiteFideId "1114620"]
[BlackFideId "13302485"]
[EventDate "2015.12.12"]

1. e4 e5 2. Nf3 Nc6 3. Bb5 g6 4. O-O Bg7 5. c3 a6 6. Bc4 d6 7. d4 Bg4 8. Bg5 Nf6
9. dxe5 Nxe5 10. Be2 Bxf3 11. Bxf3 O-O 12. Na3 Re8 13. Be2 h6 14. Bxf6 Qxf6 15.
Qb3 b5 16. Nc2 Nd7 17. f3 Nb6 18. Ne3 Qg5 19. f4 Qc5 0-1

[Event "London Classic Superrapid"]
[Site "London ENG"]
[Date "2015.12.12"]
[Round "3.6"]
[White "Bauer, Christian"]
[Black "Hector, Jonny"]
[Result "1/2-1/2"]
[WhiteTitle "GM"]
[BlackTitle "GM"]
[WhiteElo "2626"]
[BlackElo "2489"]
[WhiteFideId "603767"]
[BlackFideId "1700090"]
[EventDate "2015.12.12"]

1. c4 e5 2. Nc3 Bb4 3. Nd5 Be7 4. Nf3 e4 5. Nd4 c6 6. Nxe7 Qxe7 7. d3 d5 8. dxe4
dxe4 9. Bf4 Qb4+ 10. Qd2 Qxd2+ 11. Kxd2 Nf6 12. e3 O-O 13. Be2 Bg4 14. f3 Bh5
15. Rhd1 Nbd7 16. Nf5 Nc5 17. Bd6 Rfd8 18. Ke1 Na4 19. Ba3 Bg6 20. Ne7+ Kh8 21.
f4 Bh5 22. Bxh5 Nxh5 23. Rxd8+ Rxd8 24. Rd1 Rxd1+ 25. Kxd1 Nb6 26. b3 Nf6 27. h3
Nfd7 28. g4 g6 29. Bb2+ f6 30. g5 Kg7 31. gxf6+ Kf7 32. a4 Nxf6 33. Ba3 a5 34.
Kd2 Ke6 35. Kc3 Nbd7 36. Nc8 c5 37. Na7 Nh5 38. Nb5 b6 1/2-1/2

[Event "London Classic Superrapid"]
[Site "London ENG"]
[Date "2015.12.12"]
[Round "3.7"]
[White "Tania, Sachdev"]
[Black "Hebden, Mark L"]
[Result "0-1"]
[WhiteTitle "IM"]
[BlackTitle "GM"]
[WhiteElo "2385"]
[BlackElo "2467"]
[WhiteFideId "5007844"]
[BlackFideId "400084"]
[EventDate "2015.12.12"]

1. d4 Nf6 2. c4 g6 3. Nc3 Bg7 4. e4 d6 5. f3 O-O 6. Nge2 a6 7. Be3 Nc6 8. Qd2
Na5 9. Ng3 b5 10. Nd5 Nxc4 11. Bxc4 bxc4 12. Nxf6+ exf6 13. d5 f5 14. exf5 Qf6
15. O-O-O Bxf5 16. Bd4 Qxd4 17. Qxd4 Bxd4 18. Rxd4 Bd3 19. Ne4 Kg7 20. Nd2 Rfe8
21. Nxc4 Bxc4 22. Rxc4 Re2 23. Rxc7 Rxg2 24. Rc6 Rb8 25. Rc2 Rg5 26. Rd1 Rb5 27.
Rc6 Rg2 28. Rc2 Rxc2+ 29. Kxc2 Kf6 30. Kc3 Rc5+ 31. Kb4 Kf5 32. Rd4 g5 33. a4 h5
34. h4 f6 35. hxg5 fxg5 36. Rd1 Kf4 37. Rh1 h4 38. Rh3 a5+ 39. Kb3 Rc4 0-1

[Event "London Classic Superrapid"]
[Site "London ENG"]
[Date "2015.12.12"]
[Round "3.8"]
[White "Nguyen, Piotr"]
[Black "Gharamian, Tigran"]
[Result "1/2-1/2"]
[BlackTitle "GM"]
[WhiteElo "2329"]
[BlackElo "2654"]
[WhiteFideId "1127993"]
[BlackFideId "13301527"]
[EventDate "2015.12.12"]

1. f4 g6 2. Nf3 Bg7 3. g3 c6 4. Bg2 Qb6 5. Nc3 d5 6. e3 Nh6 7. O-O O-O 8. Kh1
Nd7 9. Qe2 e5 10. fxe5 Nxe5 11. Nxe5 Bxe5 12. d4 Bg7 13. e4 Qxd4 14. exd5 Bg4
15. Qf2 Qxf2 16. Rxf2 Bd7 17. Bxh6 Bxh6 18. Ne4 Bg7 19. Nf6+ Bxf6 20. Rxf6 Kg7
21. Rd6 Rad8 22. Re1 cxd5 23. Bxd5 Bc6 24. Rxd8 Rxd8 25. Bxc6 bxc6 26. Re2 Rd1+
27. Kg2 Kf6 28. Kf3 Rf1+ 29. Ke4 Ke6 30. Kd4+ Kd6 31. b4 h5 32. c4 c5+ 33. bxc5+
Kc6 34. Re7 a5 35. Ra7 h4 36. Ra6+ Kc7 37. Ra7+ Kc6 38. Ra6+ Kc7 39. gxh4 Rf4+
40. Kd5 Rf5+ 41. Kd4 Rf4+ 42. Kc3 Rf3+ 43. Kd4 Rf4+ 44. Kd5 Rf5+ 45. Kd4 1/2-1/2

[Event "London Classic Superrapid"]
[Site "London ENG"]
[Date "2015.12.12"]
[Round "3.10"]
[White "Hamitevici, Vladimir"]
[Black "Edouard, Romain"]
[Result "1-0"]
[WhiteTitle "IM"]
[BlackTitle "GM"]
[WhiteElo "2430"]
[BlackElo "2635"]
[WhiteFideId "13902393"]
[BlackFideId "633429"]
[EventDate "2015.12.12"]

1. Nf3 b6 2. d4 Bb7 3. e3 g6 4. Bd3 Bg7 5. O-O d6 6. Re1 Nd7 7. e4 e5 8. c3 Ne7
9. a4 a5 10. Na3 O-O 11. Nb5 h6 12. b3 Kh7 13. Ba3 Nc6 14. Qc2 Na7 15. Rad1 Nxb5
16. Bxb5 f6 17. Nd2 Qe7 18. Nf1 Rfd8 19. Ne3 Rac8 20. Nd5 Bxd5 21. exd5 Qf7 22.
c4 f5 23. dxe5 dxe5 24. f3 Nc5 25. Re2 Qe7 26. Rde1 Rf8 27. Kh1 Rf7 28. b4 axb4
29. Bxb4 e4 30. fxe4 fxe4 31. Bxc5 Qxc5 32. Rxe4 Rcf8 33. Qd3 Qa3 34. c5 Qxc5
35. Re6 Rf5 36. Be8 Kh8 37. Bxg6 Rxd5 38. Qe2 Rdd8 39. Bb1 Qf2 40. Qxf2 Rxf2 41.
Re8+ Rxe8 42. Rxe8+ Bf8 43. Kg1 Rf6 44. Rc8 h5 45. g3 c5 46. Kg2 Kg7 47. Rc7+
Kg8 48. Bh7+ Kh8 49. Be4 Rd6 50. Rh7+ Kg8 51. Rxh5 Rd4 52. Bc6 Rd2+ 53. Kf3 Kg7
54. Bb5 Rc2 55. Ke4 c4 56. h4 Bb4 57. Rg5+ Kh6 58. Rg8 c3 59. Bd3 Rg2 60. Kf3
Rd2 61. Rg6+ Kh7 62. Be4 Kh8 63. Rh6+ Kg7 64. Rg6+ Kh8 65. Rxb6 Bc5 66. Rh6+ Kg7
67. Rg6+ Kf7 68. Rc6 Bd4 69. a5 Ra2 70. Bd5+ 1-0

[Event "London Classic Superrapid"]
[Site "London ENG"]
[Date "2015.12.12"]
[Round "3.11"]
[White "Hammer, Jon Ludvig"]
[Black "Guramishvili, Sopiko"]
[Result "1-0"]
[WhiteTitle "GM"]
[BlackTitle "IM"]
[WhiteElo "2682"]
[BlackElo "2371"]
[WhiteFideId "1503707"]
[BlackFideId "13602888"]
[EventDate "2015.12.12"]

1. c4 e6 2. d4 d5 3. Nf3 c6 4. e3 Nd7 5. b3 f5 6. Bd3 Nh6 7. O-O Bd6 8. Ba3 Qe7
9. Bxd6 Qxd6 10. Nc3 O-O 11. Ne2 Rf6 12. Nf4 Nf7 13. h4 b6 14. cxd5 exd5 15. Rc1
Bb7 16. Ng5 Nh6 17. Qh5 Rff8 18. Rc2 Nf6 19. Qf3 Ne4 20. Rfc1 Rae8 21. Qh3 Qf6
22. b4 Nxg5 23. hxg5 Qxg5 24. b5 c5 25. dxc5 bxc5 26. Rxc5 d4 27. Rc7 dxe3 28.
fxe3 Ng4 29. Bc4+ Kh8 30. Bf7 Rxf7 31. Rxf7 Be4 32. Ne6 Qxe3+ 33. Qxe3 Nxe3 34.
Re7 Rb8 35. Ng5 Nd5 36. Rxa7 Nf4 37. Rcc7 h6 38. Nxe4 fxe4 39. Rxg7 Rxb5 40.
Rge7 Rb1+ 41. Kh2 1-0

[Event "London Classic Superrapid"]
[Site "London ENG"]
[Date "2015.12.12"]
[Round "3.12"]
[White "Kiik, Kalle"]
[Black "Ghasi, Ameet K"]
[Result "0-1"]
[WhiteTitle "IM"]
[BlackTitle "IM"]
[WhiteElo "2386"]
[BlackElo "2469"]
[WhiteFideId "4500075"]
[BlackFideId "409200"]
[EventDate "2015.12.12"]

1. c4 g6 2. d4 d6 3. Nc3 Bg7 4. e4 Nf6 5. f4 O-O 6. Nf3 Na6 7. Be2 c5 8. d5 e6
9. e5 dxe5 10. fxe5 Ng4 11. Bg5 Qb6 12. Qd2 Nxe5 13. Nxe5 Bxe5 14. O-O f5 15.
Be7 Rf7 16. d6 Bd7 17. Nb5 Nb4 18. Bf3 Bxb5 19. cxb5 c4+ 20. Kh1 Nd3 21. a4 Re8
22. Rac1 Bf4 23. Qc2 Bxc1 24. Qxc4 Nf2+ 25. Rxf2 Qxf2 26. Qxc1 Rfxe7 27. dxe7
Rxe7 28. Bxb7 Qd4 29. Bc6 Kg7 30. a5 e5 31. h3 e4 32. b6 axb6 33. axb6 e3 34. b7
e2 35. b8=Q e1=Q+ 36. Qxe1 Rxe1+ 37. Kh2 f4 38. Qc7+ Kh6 39. h4 Qf2 0-1

[Event "London Classic Superrapid"]
[Site "London ENG"]
[Date "2015.12.12"]
[Round "3.13"]
[White "Grigoriants, Sergey"]
[Black "Gullaksen, Eirik"]
[Result "1-0"]
[WhiteTitle "GM"]
[BlackTitle "IM"]
[WhiteElo "2603"]
[BlackElo "2363"]
[WhiteFideId "4130804"]
[BlackFideId "1500945"]
[EventDate "2015.12.12"]

1. e4 c5 2. Nf3 Nc6 3. Nc3 Nf6 4. g3 g6 5. d4 cxd4 6. Nxd4 Bg7 7. Nde2 O-O 8.
Bg2 d6 9. O-O Bd7 10. h3 Rc8 11. Be3 Qa5 12. Nd5 Nxd5 13. exd5 Ne5 14. b3 Be8
15. Bd4 Nd7 16. Bxg7 Kxg7 17. Nd4 Nf6 18. Re1 Rc7 19. a3 Qc5 20. c4 b5 21. cxb5
Nxd5 22. b4 Qc4 23. Bf1 Nc3 24. Bxc4 Nxd1 25. Raxd1 e5 26. Nc6 Bxc6 27. bxc6
Rxc6 28. Bf1 Kf6 29. b5 1-0

[Event "London Classic Superrapid"]
[Site "London ENG"]
[Date "2015.12.12"]
[Round "3.14"]
[White "Krishna C R G"]
[Black "Jones, Gawain C B"]
[Result "0-1"]
[WhiteTitle "IM"]
[BlackTitle "GM"]
[WhiteElo "2367"]
[BlackElo "2615"]
[WhiteFideId "5018625"]
[BlackFideId "409561"]
[EventDate "2015.12.12"]

1. d4 Nf6 2. Nf3 g6 3. Nc3 d5 4. Bf4 Bg7 5. e3 O-O 6. Be2 c5 7. dxc5 Qa5 8. Nd2
Qxc5 9. Nb3 Qb6 10. a4 Nc6 11. a5 Qd8 12. a6 bxa6 13. Bxa6 Bxa6 14. Rxa6 Qc8 15.
Ra4 Qf5 16. O-O Rfd8 17. Nb5 e5 18. Bg3 a6 19. Nc7 Ra7 20. Nxa6 Rda8 21. Nbc5
Bf8 22. c3 Nd7 23. e4 dxe4 24. Nxd7 Rxd7 25. Qe2 h5 26. b4 Ne7 27. Ra5 Nc6 28.
Raa1 Rd3 29. b5 Rxc3 30. bxc6 Rxc6 31. Qb5 Qc8 32. Nb4 Rc5 33. Rxa8 Qxa8 34. Qd7
Bh6 35. Rd1 e3 36. Qd8+ Qxd8 37. Rxd8+ Kh7 38. fxe3 Bxe3+ 39. Kf1 Bd4 40. Nd3
Ra5 41. Re8 f6 42. Re7+ Kh6 43. Be1 Ra1 44. Ke2 g5 45. h4 Ra2+ 46. Kf1 g4 47.
Nb4 Rb2 48. Nd5 f5 49. Bc3 Rf2+ 50. Kg1 g3 51. Bxd4 exd4 52. Re6+ Kg7 53. Nf6
Kf7 54. Rb6 Rc2 55. Kf1 d3 56. Ke1 Rxg2 57. Nxh5 Re2+ 58. Kd1 g2 59. Rf6+ Ke7
60. Rg6 Ra2 61. Rg7+ Kf8 62. Rg5 g1=Q+ 63. Rxg1 Ra1+ 64. Kd2 Rxg1 65. Kxd3 Rg4
66. Ke3 Kf7 67. Kf3 Rxh4 68. Nf4 Kf6 0-1

[Event "London Classic Superrapid"]
[Site "London ENG"]
[Date "2015.12.12"]
[Round "3.15"]
[White "Jumabayev, Rinat"]
[Black "Buckley, Graeme N"]
[Result "1-0"]
[WhiteTitle "GM"]
[BlackTitle "IM"]
[WhiteElo "2599"]
[BlackElo "2342"]
[WhiteFideId "13702661"]
[BlackFideId "402265"]
[EventDate "2015.12.12"]

1. Nf3 e6 2. d4 Nf6 3. c4 b6 4. g3 Ba6 5. b3 c6 6. Bg2 d5 7. O-O Be7 8. Qc2 O-O
9. Ne5 Nfd7 10. Nd3 Bb7 11. Rd1 Na6 12. a3 f5 13. b4 Nc7 14. Bf4 Rc8 15. Nd2 Ne8
16. Qa2 Ndf6 17. Rac1 Nd6 18. c5 Nde4 19. Nf3 Qe8 20. a4 Ba6 21. Nde5 Ng4 22.
Nxg4 fxg4 23. Ne5 Nxf2 24. Kxf2 g5 25. e3 gxf4 26. exf4 h5 27. Re1 Rf5 28. b5
cxb5 29. cxb6 axb6 30. axb5 Bxb5 31. Bxd5 exd5 32. Qxd5+ Kg7 33. Rxc8 Qxc8 34.
Qxb5 Bf6 35. Qxb6 Qc2+ 36. Re2 Qc3 37. Qb7+ Kh6 38. Qe4 Bxe5 39. dxe5 Rf7 40.
Rc2 Qa5 41. Rc6+ Kg7 42. Qg6+ Kf8 43. Rc8+ Ke7 44. Qd6# 1-0

[Event "London Classic Superrapid"]
[Site "London ENG"]
[Date "2015.12.12"]
[Round "3.16"]
[White "Cooper, Lawrence H"]
[Black "Bok, Benjamin"]
[Result "0-1"]
[WhiteTitle "IM"]
[BlackTitle "GM"]
[WhiteElo "2345"]
[BlackElo "2591"]
[WhiteFideId "401536"]
[BlackFideId "1017063"]
[EventDate "2015.12.12"]

1. e4 g6 2. d4 Bg7 3. Nc3 d6 4. Be3 a6 5. f4 b5 6. Bd3 Bb7 7. Nf3 b4 8. Ne2 Nf6
9. Ng3 Nbd7 10. c3 a5 11. O-O O-O 12. f5 c5 13. h3 cxd4 14. cxd4 e6 15. fxe6
fxe6 16. Qb3 Qe7 17. Ng5 Rae8 18. Rac1 h6 19. Rc7 hxg5 20. Rxb7 g4 21. Bg5 Qd8
22. Rc1 Re7 23. Rcc7 gxh3 24. gxh3 Rff7 25. e5 Nxe5 26. dxe5 Rxc7 27. Rxc7 Qxc7
28. exf6 Qc5+ 29. Kg2 Qxg5 30. fxg7 Qe3 31. Qc2 Qf3+ 32. Kh2 Qf2+ 33. Qxf2 Rxf2+
34. Kg1 Rf3 0-1

[Event "London Classic Superrapid"]
[Site "London ENG"]
[Date "2015.12.12"]
[Round "3.17"]
[White "Speelman, Jon S"]
[Black "Vuilleumier, Alexandre"]
[Result "1-0"]
[WhiteTitle "GM"]
[BlackTitle "IM"]
[WhiteElo "2517"]
[BlackElo "2342"]
[WhiteFideId "400033"]
[BlackFideId "1305662"]
[EventDate "2015.12.12"]

1. d4 Nf6 2. Nf3 e6 3. g3 b5 4. Bg2 Bb7 5. Bg5 c5 6. c3 Be7 7. O-O O-O 8. Nbd2
h6 9. Bxf6 Bxf6 10. dxc5 Qc7 11. Nb3 Na6 12. Qd3 Nxc5 13. Qxb5 d6 14. Nxc5 dxc5
15. Qd3 c4 16. Qc2 Rab8 17. Rfd1 Qb6 18. Rd2 Rfd8 19. Rad1 Rxd2 20. Rxd2 Qa5 21.
a3 g6 22. Ne1 Kg7 23. Bxb7 Rxb7 24. Qe4 Qc7 25. Nf3 Qb8 26. Qc2 Rb5 27. h4 Qb7
28. Ne1 g5 29. hxg5 hxg5 30. Ng2 g4 31. e3 e5 32. a4 Rb3 33. Qf5 Qf3 34. Qh5 Rb7
35. Nh4 Bxh4 36. Qxh4 f6 37. Qh5 Qe4 38. Rd8 1-0

[Event "London Classic Superrapid"]
[Site "London ENG"]
[Date "2015.12.12"]
[Round "3.18"]
[White "Williams, Simon K"]
[Black "Cordes, Hans-Joerg"]
[Result "1-0"]
[WhiteTitle "GM"]
[BlackTitle "FM"]
[WhiteElo "2439"]
[BlackElo "2248"]
[WhiteFideId "404454"]
[BlackFideId "4602234"]
[EventDate "2015.12.12"]

1. d4 e6 2. Nf3 d5 3. c4 c5 4. cxd5 exd5 5. Nc3 Nc6 6. g3 Nf6 7. Bg2 Be7 8. O-O
O-O 9. Bg5 c4 10. Ne5 Be6 11. b3 Qa5 12. Qd2 Rfd8 13. Rfc1 Rac8 14. bxc4 dxc4
15. Nxc6 bxc6 16. Rab1 Bc5 17. Bxf6 gxf6 18. e3 Bb4 19. Qc2 Ba3 20. Rd1 Bb4 21.
Ne4 Kg7 22. Ra1 Qa3 23. Qe2 c3 24. Qf3 f5 25. Ng5 c2 26. Rdc1 Qb2 27. Qf4 Bd6
28. Nxe6+ fxe6 29. Qg5+ Kf7 30. Bf3 Ke8 31. Qg8+ Kd7 32. Qxh7+ Be7 33. Qg7 Rb8
34. Bxc6+ Kxc6 35. Qxe7 Qxa1 36. Qxe6+ Rd6 37. Qc4+ Kd7 38. Rxa1 Rb1+ 39. Kg2
Rc6 40. Qxc2 Ke8 1-0

[Event "London Classic Superrapid"]
[Site "London ENG"]
[Date "2015.12.12"]
[Round "3.19"]
[White "Papp, Petra"]
[Black "Cherniaev, Alexander"]
[Result "0-1"]
[WhiteTitle "WGM"]
[BlackTitle "GM"]
[WhiteElo "2303"]
[BlackElo "2441"]
[WhiteFideId "739049"]
[BlackFideId "4117301"]
[EventDate "2015.12.12"]

1. e4 g6 2. d4 Bg7 3. Nc3 c6 4. f4 d5 5. e5 Nh6 6. Nf3 f6 7. Be2 Bg4 8. Be3 O-O
9. Qd2 Nd7 10. O-O-O Nf5 11. Bf2 Bxf3 12. Bxf3 fxe5 13. dxe5 e6 14. Kb1 Nh4 15.
Bg4 Nf5 16. h4 Bh6 17. Rde1 Qe7 18. g3 b5 19. Bh3 Nb6 20. g4 Nc4 21. Qc1 Qb4 22.
gxf5 Bxf4 23. Bc5 Na3+ 24. Ka1 Qxc5 25. Qxf4 Nxc2+ 26. Kb1 Nxe1 27. Rxe1 gxf5
28. Qg5+ Kh8 29. Rg1 Rf7 30. Ne2 Qe7 31. Qh6 Rg8 32. Rxg8+ Kxg8 33. Nf4 Rg7 34.
a3 Kh8 35. Ka2 a5 36. Bf1 Rg4 37. Nh5 Qxh4 38. Qf8+ Rg8 39. Qf7 Qg5 0-1